Normal view
MARC view
Entry Personal Name
001 - CONTROL NUMBER
- control field: 34975
003 - CONTROL NUMBER IDENTIFIER
- control field: dpl
005 - DATE AND TIME OF LATEST TRANSACTION
- control field: 20110928135807.0
008 - FIXED-LENGTH DATA ELEMENTS
- fixed length control field: 110928|||a|||||| | ||| d
040 ## - CATALOGING SOURCE
- Original cataloging agency: dpl
- Transcribing agency: dpl
100 ## - HEADING--PERSONAL NAME
- Personal name: Schuller, Robert H.
670 ## - SOURCE DATA FOUND
- Source citation: Work cat.: (dpl): Schuller, Robert H. , Tells you how to be an extraordinary personin an ordinary world /, 2010
670 ## - SOURCE DATA FOUND
- Source citation: Work cat.: (dpl): Schuller, Robert H. , Tells you how to be an extraordinary personin an ordinary world /, 2010
